Das Gebiet der Reichsabtei Ellwangen
| Main Author: | |
|---|---|
| Format: | Print Book |
| Language: | German |
| Subito Delivery Service: | Order now. |
| Check availability: | HBZ Gateway |
| Interlibrary Loan: | Interlibrary Loan for the Fachinformationsdienste (Specialized Information Services in Germany) |
| Published: |
Stuttgart
Kohlhammer
1914
|
| In: |
Darstellungen aus der württembergischen Geschichte (12)
Year: 1914 |
| Series/Journal: | Darstellungen aus der württembergischen Geschichte
12 |
| Standardized Subjects / Keyword chains: | B
Stift Ellwangen
/ Territory (motif)
B Ellwangen (Jagst) / Territory (motif) / History 750-1460 |
| Further subjects: | B
Thesis
|
MARC
| LEADER | 00000cam a2200000 c 4500 | ||
|---|---|---|---|
| 001 | 1074091361 | ||
| 003 | DE-627 | ||
| 005 | 20251224215129.0 | ||
| 007 | tu | ||
| 008 | 850101s1914 xx ||||| m 00| ||ger c | ||
| 035 | |a (DE-627)1074091361 | ||
| 035 | |a (DE-576)004091361 | ||
| 035 | |a (DE-599)BSZ004091361 | ||
| 035 | |a (DE-604)8035700181 | ||
| 040 | |a DE-627 |b ger |c DE-627 |e rakwb | ||
| 041 | |a ger | ||
| 044 | |c XA-DXDE | ||
| 082 | 0 | |a 943.47 | |
| 084 | |a 1 |2 ssgn | ||
| 084 | |a NR 5985 |2 rvk |0 (DE-625)rvk/129489: | ||
| 084 | |a NZ 70000 |q DE-24/20sred |2 rvk |0 (DE-625)rvk/162624: | ||
| 084 | |a 15.55 |2 bkl | ||
| 100 | 1 | |a Hutter, Otto |4 aut | |
| 191 | |a 1 | ||
| 245 | 1 | 4 | |a Das Gebiet der Reichsabtei Ellwangen |c von Otto Hutter |
| 264 | 1 | |a Stuttgart |b Kohlhammer |c 1914 | |
| 300 | |a XIII, 228 S. |b Kt. | ||
| 336 | |a Text |b txt |2 rdacontent | ||
| 337 | |a ohne Hilfsmittel zu benutzen |b n |2 rdamedia | ||
| 338 | |a Band |b nc |2 rdacarrier | ||
| 490 | 1 | |a Darstellungen aus der württembergischen Geschichte |v 12 | |
| 500 | |a In Fraktur | ||
| 502 | |a Zugl.: Tübingen, Univ., Diss, 1914 | ||
| 583 | 1 | |a Archivierung/Langzeitarchivierung gewährleistet |f PEBW |x XA-DE-BW |2 pdager |5 DE-24 | |
| 583 | 1 | |a Archivierung/Langzeitarchivierung gewährleistet |f SSG |x XA-DE-BW |2 pdager |5 DE-21 | |
| 601 | |a Reichsabtei | ||
| 655 | 7 | |a Hochschulschrift |0 (DE-588)4113937-9 |0 (DE-627)105825778 |0 (DE-576)209480580 |2 gnd-content | |
| 689 | 0 | 0 | |d b |0 (DE-588)4085563-6 |0 (DE-627)106058266 |0 (DE-576)209229837 |2 gnd |a Stift Ellwangen |
| 689 | 0 | 1 | |d s |0 (DE-588)4184803-2 |0 (DE-627)104261625 |0 (DE-576)210028238 |2 gnd |a Territorium |
| 689 | 0 | |5 (DE-627) | |
| 689 | 1 | 0 | |d g |0 (DE-588)4014491-4 |0 (DE-627)10633994X |0 (DE-576)20890803X |2 gnd |a Ellwangen (Jagst) |
| 689 | 1 | 1 | |d s |0 (DE-588)4184803-2 |0 (DE-627)104261625 |0 (DE-576)210028238 |2 gnd |a Territorium |
| 689 | 1 | 2 | |q z |2 gnd |a Geschichte 750-1460 |
| 689 | 1 | |5 (DE-627) | |
| 751 | |a Tübingen |0 (DE-588)4061147-4 |0 (DE-627)106136933 |0 (DE-576)209138351 |4 uvp | ||
| 830 | 0 | |a Darstellungen aus der württembergischen Geschichte |v 12 |9 12 |w (DE-627)13022734X |w (DE-576)015772381 |w (DE-600)539988-9 |7 am | |
| 935 | |a mteo | ||
| 936 | r | v | |a NR 5985 |b Kloster- und Stiftsgeschichte, Allgemeines |k Geschichte |k Landes- und Stadtgeschichte (Allgemeine, Deutsche und Österreichische Landes- und Stadtgeschichte, Ausländische Stadtgeschichte, Geschichte der Auslanddeutschen) |k Deutsche Landesgeschichte im Einzelnen (einschl. ehemaliger deutscher Gebiete) |k Baden-Württemberg mit Oberrheinland |k Kloster- und Stiftsgeschichte, Stadtgeschichte |k Kloster- und Stiftsgeschichte, Allgemeines |0 (DE-627)1271474069 |0 (DE-625)rvk/129489: |0 (DE-576)201474069 |
| 936 | r | v | |a NZ 70000 |b Zeitschriften und Schriftenreihen |k Geschichte |k Regionale Landeskunde |k Baden-Württemberg |k Landesgeschichte allgemein |k Zeitschriften und Schriftenreihen |0 (DE-627)1685782949 |0 (DE-625)rvk/162624: |
| 936 | b | k | |a 15.55 |j Baden-Württemberg |x Geschichte |q coli-conc RVK->BK |q https://coli-conc.gbv.de/api/mappings/58b6b720-6ba5-4068-ac06-4bb36eb8c635 |0 (DE-627)181571617 |
| 951 | |a BO | ||
| ELC | |b 1 | ||
| ITA | |a 1 |t 1 | ||
| LOK | |0 000 xxxxxcx a22 zn 4500 | ||
| LOK | |0 001 203089639X | ||
| LOK | |0 003 DE-627 | ||
| LOK | |0 004 1074091361 | ||
| LOK | |0 005 20000204000000 | ||
| LOK | |0 008 000204||||||||||||||||ger||||||| | ||
| LOK | |0 040 |a DE-21 |c DE-627 |d DE-21 | ||
| LOK | |0 852 |a DE-21 | ||
| LOK | |0 852 1 |c L I 280-12 |9 00 | ||
| LOK | |0 935 |a dika | ||
| LOK | |0 939 |a 04-02-00 |b l01 | ||
| LOK | |0 000 xxxxxcx a22 zn 4500 | ||
| LOK | |0 001 2030896411 | ||
| LOK | |0 003 DE-627 | ||
| LOK | |0 004 1074091361 | ||
| LOK | |0 005 20100408120923 | ||
| LOK | |0 008 960611||||||||||||||||ger||||||| | ||
| LOK | |0 040 |a DE-21-35 |c DE-627 |d DE-21-35 | ||
| LOK | |0 541 |e A3665 | ||
| LOK | |0 852 |a DE-21-35 | ||
| LOK | |0 852 1 |c Wb 5.01-12 |m p |9 00 | ||
| LOK | |0 938 |k p | ||
| LOK | |0 939 |a 11-06-96 |b l01 | ||
| LOK | |0 000 xxxxxcx a22 zn 4500 | ||
| LOK | |0 001 203089642X | ||
| LOK | |0 003 DE-627 | ||
| LOK | |0 004 1074091361 | ||
| LOK | |0 005 20120323090924 | ||
| LOK | |0 008 010109||||||||||||||||ger||||||| | ||
| LOK | |0 040 |a DE-21-24 |c DE-627 |d DE-21-24 | ||
| LOK | |0 541 |e o.Z. | ||
| LOK | |0 852 |a DE-21-24 | ||
| LOK | |0 852 1 |c D,IIIk,606 |m p |9 00 | ||
| LOK | |0 935 |a ALAS | ||
| LOK | |0 936ln |a D,IIIk, | ||
| LOK | |0 938 |k p | ||
| LOK | |0 939 |a 09-01-01 |b l01 | ||
| LOK | |0 000 xxxxxcx a22 zn 4500 | ||
| LOK | |0 001 2743661305 | ||
| LOK | |0 003 DE-627 | ||
| LOK | |0 004 1074091361 | ||
| LOK | |0 005 20130410152332 | ||
| LOK | |0 008 130410||||||||||||||||ger||||||| | ||
| LOK | |0 040 |a DE-21-64 |c DE-627 |d DE-21-64 | ||
| LOK | |0 541 |e 000 | ||
| LOK | |0 852 |a DE-21-64 | ||
| LOK | |0 852 1 |c Pb 1 - 12 |m p |9 00 | ||
| LOK | |0 935 |a k064 | ||
| LOK | |0 938 |k p | ||
| LOK | |0 939 |a 10-04-13 |b l01 | ||
| ORI | |a SA-MARC-ixtheoa001.raw | ||
| REL | |a 1 | ||
| STA | 0 | 0 | |a Territory (motif),Territory |
| STB | 0 | 0 | |a Territoire (motif),Territoire |
| STC | 0 | 0 | |a Territorio |
| STD | 0 | 0 | |a Territorio |
| STE | 0 | 0 | |a 领土,版图 |
| STF | 0 | 0 | |a 領土,版圖 |
| STG | 0 | 0 | |a Território |
| STH | 0 | 0 | |a Территория |
| STI | 0 | 0 | |a Επικράτεια,Έδαφος |
| SUB | |a REL | ||
| SYG | 0 | 0 | |a Stift Ellwangen (Jagst),Stift St. Vitus Ellwangen,Stift Sankt Veit Ellwangen,Chorherrenstift Ellwangen,Kollegiatstift Ellwangen , Ellwangen, Jagst,Ellwangen a. d. Jagst,Ellwangen an der Jagst,Ellwangen,Kreisstadt Ellwangen,Große Kreisstadt Ellwangen,Stadt Ellwangen,Ellwangen,Ellwangen/Jagst,Stadt Ellwangen,Stadt Ellwangen/Jagst |
| TIM | |a 100007500101_100014601231 |b Geschichte 750-1460 | ||



